にじさんじSEEDsで活動したライバー - Statistics

General Stats
  • This quiz has been taken 24 times
  • The average score is 22 of 32
Answer Stats
Hint Answer % Correct
2020/10/31卒業 出雲霞
93%
花畑チャイカ
86%
町田ちま
86%
ジョー・力一
86%
ドーラ
79%
轟京子
79%
社築
79%
鈴木勝
79%
卯月コウ
79%
ベルモンド・バンデラス
79%
矢車りね
79%
夢追翔
79%
2019/04/09卒業 海夜叉神
71%
シスター・クレア
71%
2024/01/31卒業 安土桃
71%
緑仙
71%
舞元啓介
71%
2020/01/13卒業 月見しずく
71%
2019/05/31卒業 名伽尾アズマ
64%
2019/05/07卒業 八朔ゆず
64%
雨森小夜
64%
竜胆尊
64%
2024/08/31卒業 成瀬鳴
64%
黒井しば
64%
神田笑一
57%
飛鳥ひな
57%
春崎エアル
57%
でびでび・でびる
57%
2020/03/31卒業 遠北千南
57%
2018/12/31卒業 鳴門こがね
50%
桜凛月
50%
鷹宮リオン
43%
No matching quizzes found
Score Distribution
Percent of People with Each Score
Percentile by Number Answered
Your Score History
You have not taken this quiz